000 00585nam a2200265Ia 4500
005 20260306163807.0
008 008 260114s9999 xx 000 0 eng d
020 _a9780300210194
037 _aEBOOK
040 _aCRL
040 _beng
040 _cCRL
041 _2eng
041 _aeng
084 _qCRL
100 _aDiner
_9931201
245 0 _aRoads Taken
260 _bYale University Press
260 _c2015
650 _aSocial Work
856 _uhttps://academic.oup.com/book/29761
942 _cEBOOK
999 _c1711518
_d1711518